ბათუმის შოთა რუსთაველის სახელმწიფო უნივერსიტეტის ბიბლიოთეკა

Полное собрание сочинений В 4 томах : (ბიბ.ჩანაწერი № 59270)

000 -LEADER
fixed length control field 00809nam a22001817a 4500
005 - DATE AND TIME OF LATEST TRANSACTION
control field 20221226165125.0
008 - FIXED-LENGTH DATA ELEMENTS--GENERAL INFORMATION
fixed length control field 221226s1948ru xxu||||| |||| 00| 0 rus d
041 ## - LANGUAGE CODE
Language code of text/sound track or separate title rus
080 ## - UNIVERSAL DECIMAL CLASSIFICATION NUMBER
Universal Decimal Classification number 821.161.1 Л - 49
100 ## - MAIN ENTRY--PERSONAL NAME
Personal name Лермонтов, М.Ю
9 (RLIN) 16589
245 ## - TITLE STATEMENT
Title Полное собрание сочинений В 4 томах :
Remainder of title Т 2 : Поэмы и Повести В СТИХАХ /
Statement of responsibility, etc. М.Ю. Лермонтов, Ред: Г,Макогоненко.
264 ## - PRODUCTION, PUBLICATION, DISTRIBUTION, MANUFACTURE, AND COPYRIGHT NOTICE
Place of production, publication, distribution, manufacture М.-Л.:
Name of producer, publisher, distributor, manufacturer ОГИЗ Гослитиздат,
Date of production, publication, distribution, manufacture, or copyright notice 1948.
300 ## - PHYSICAL DESCRIPTION
Extent 514 стр,
Other physical details 22 см.
653 ## - INDEX TERM--UNCONTROLLED
keyword Поэмы и Повести В СТИХАХ
653 ## - INDEX TERM--UNCONTROLLED
keyword პოემები ლექსები და ზღაპრები
700 ## - ADDED ENTRY--PERSONAL NAME
Personal name Макогоненко. Г
Relator term რედაქტორი
9 (RLIN) 16591
942 ## - ADDED ENTRY ELEMENTS (KOHA)
Source of classification or shelving scheme
Koha item type წიგნი
ეგზემპლარები
Withdrawn status Lost status Source of classification or shelving scheme Damaged status Not for loan Permanent Location Current Location Shelving location Date acquired Cost, normal purchase price Full call number Barcode Date last seen Copy number Price effective from Koha item type Public note
          ბათუმის შოთა რუსთაველის სახელმწიფო უნივერსიტეტის მთავარი ბიბლიოთეკა ბათუმის შოთა რუსთაველის სახელმწიფო უნივერსიტეტის მთავარი ბიბლიოთეკა წიგნსაცავი 2022-12-26 8.00 821.161.1 Л - 49 63400 2022-12-26 63400 2022-12-26 წიგნი 8.00